000 00972nam0a22002531 4500
001 rc\4588907
005 20250612124626.0
021 _aRU
_b[61-78435]
035 _a(NLR Aleph) 008660538
090 _a9058657
_c9058657
100 _a20130416d1961 |||y0rusy50 ca
101 0 _arus
102 _aRU
105 _ay c |||||
200 1 _aМетодические указания по организации туристско-оздоровительных лагерей
_fКазсовпроф. Казах. респ. туристско-экскурсионное упр.
210 _aАлма-Ата
_cБ. и.
_d1961
215 _a31 с.
_d20
606 _aТуристские лагери
_2psbo
712 0 2 _aКазахское республиканское туристско-экскурсионное управление (Алма-Ата)
801 0 _aRU
_bNLR
_gpsbo
801 1 _aRU
_bELAR
_2rusmarc
852 _aNLR
_j61-4/16755
942 _cBOOK
980 _aNB